000 00908nam a2200289Ia 4500
001 Para_1272
003 CHAP
008 220125s1998 xx 000 0 und d
010 _a199980
040 _cCHAP
082 _aPA 633.11 M3
100 _aMalik, Vedpal S., ed.
_9164985
245 _aBunts and smuts of wheat :
_b an international symposium /
_c ed. by Vedpal S. Malik and D.E. Mathre
260 _aOttawa, Canada :
_b North American Plant Protection Organization
300 _a445 p.
650 _aHelminthosporium
_953466
650 _aHelminthosporium tritici repentis
_953473
650 _aTrigo
_x enfermedades
_9115017
650 _aTrigo
_x variedades resistentes a enfermedades
_9115120
901 _aPA 633.11 M3
902 _aA
905 _a0000001998 idn 0000000000 00
910 _a1998
942 _cPARA
942 _cPARA
_d1
999 _c199980
_d199980